| 000 -LEADER |
| fixed length control field |
03714cam a22005777a 4500 |
| 001 - CONTROL NUMBER |
| control field |
12304596 |
| 003 - CONTROL NUMBER IDENTIFIER |
| control field |
LIBRIS |
| 005 - DATE AND TIME OF LATEST TRANSACTION |
| control field |
20210420065030.0 |
| 008 - FIXED-LENGTH DATA ELEMENTS--GENERAL INFORMATION |
| fixed length control field |
110920s2011 xxu|||||||||||00| ||eng c |
| 020 ## - INTERNATIONAL STANDARD BOOK NUMBER |
| International Standard Book Number |
9780307265722 |
| 040 ## - CATALOGING SOURCE |
| Original cataloging agency |
S |
| Transcribing agency |
DLC |
| 080 ## - UNIVERSAL DECIMAL CLASSIFICATION NUMBER |
| Universal Decimal Classification number |
94 |
| Item number |
M-25 |
| 082 00 - DEWEY DECIMAL CLASSIFICATION NUMBER |
| Classification number |
909.4 |
| Edition number |
22 |
| 084 ## - OTHER CLASSIFICATION NUMBER |
| Classification number |
K.38 |
| Number source |
kssb/8 (machine generated) |
| 100 1# - MAIN ENTRY--PERSONAL NAME |
| Personal name |
Mann, Charles C. |
| 245 10 - TITLE STATEMENT |
| Title |
1493 : |
| Remainder of title |
uncovering the new world Columbus created / |
| Statement of responsibility, etc. |
Charles C. Mann. |
| 246 3# - VARYING FORM OF TITLE |
| Title proper/short title |
Fourteen ninety-three |
| 250 ## - EDITION STATEMENT |
| Edition statement |
1st ed. |
| 260 ## - PUBLICATION, DISTRIBUTION, ETC. |
| Place of publication, distribution, etc. |
New York [N.Y.] : |
| Name of publisher, distributor, etc. |
Alfred A. Knopf, |
| Date of publication, distribution, etc. |
2011. |
| 300 ## - PHYSICAL DESCRIPTION |
| Extent |
535 p. : |
| Other physical details |
ill., maps ; |
| Dimensions |
25 cm. |
| 504 ## - BIBLIOGRAPHY, ETC. NOTE |
| Bibliography, etc. note |
Includes bibliographical references (p. [413]-509) and index. |
| 505 0# - FORMATTED CONTENTS NOTE |
| Formatted contents note |
Introduction. In the Homogenocene. Two monuments -- pt. 1. Atlantic journeys. The tobacco coast ; Evil air -- pt. 2. Pacific journeys. Shiploads of money (Silk for silver, part one) ; Lovesick grass, foreign tubers, and jade rice (Silk for silver, part two) -- pt. 3. Europe in the world. The agro-industrial complex ; Black gold -- pt. 4. Africa in the world. Crazy soup ; Forest of fugitives -- Coda. Currents of life. In Bulalacao -- Appendixes. A. Fighting words ; B. Globalization in beta. |
| 520 ## - SUMMARY, ETC. |
| Summary, etc. |
"From the author of 1491--the best-selling study of the pre-Columbian Americas--a deeply engaging new history that explores the most momentous biological event since the death of the dinosaurs. More than 200 million years ago, geological forces split apart the continents. Isolated from each other, the two halves of the world developed totally different suites of plants and animals. Columbus's voyages brought them back together--and marked the beginning of an extraordinary exchange of flora and fauna between Eurasia and the Americas. As Charles Mann shows, this global ecological tumult--the "Columbian Exchange"--underlies much of subsequent human history. Presenting the latest generation of research by scientists, Mann shows how the creation of this worldwide network of exchange fostered the rise of Europe, devastated imperial China, convulsed Africa, and for two centuries made Manila and Mexico City-- where Asia, Europe, and the new frontier of the Americas dynamically interacted--the center of the world. In 1493, Charles Mann gives us an eye-opening scientific interpretation of our past, unequaled in its authority and fascination"-- |
| Assigning source |
Provided by publisher. |
| 600 10 - SUBJECT ADDED ENTRY--PERSONAL NAME |
| Personal name |
Columbus, Christopher |
| General subdivision |
Influence. |
| 600 17 - SUBJECT ADDED ENTRY--PERSONAL NAME |
| Personal name |
Columbus, Christofer, |
| Dates associated with a name |
1451-1506 |
| General subdivision |
influenser |
| Source of heading or term |
sao |
| 650 #0 - SUBJECT ADDED ENTRY--TOPICAL TERM |
| Topical term or geographic name entry element |
History, Modern. |
| 650 #0 - SUBJECT ADDED ENTRY--TOPICAL TERM |
| Topical term or geographic name entry element |
Economic history. |
| 650 #0 - SUBJECT ADDED ENTRY--TOPICAL TERM |
| Topical term or geographic name entry element |
Commerce |
| General subdivision |
History. |
| 650 #0 - SUBJECT ADDED ENTRY--TOPICAL TERM |
| Topical term or geographic name entry element |
Agriculture |
| General subdivision |
History. |
| 650 #0 - SUBJECT ADDED ENTRY--TOPICAL TERM |
| Topical term or geographic name entry element |
Ecology |
| General subdivision |
History. |
| 650 #0 - SUBJECT ADDED ENTRY--TOPICAL TERM |
| Topical term or geographic name entry element |
Industrial revolution. |
| 650 #0 - SUBJECT ADDED ENTRY--TOPICAL TERM |
| Topical term or geographic name entry element |
Slave trade |
| General subdivision |
History. |
| 650 #7 - SUBJECT ADDED ENTRY--TOPICAL TERM |
| Topical term or geographic name entry element |
Uppt�cktsresor |
| General subdivision |
ekonomiska aspekter |
| -- |
historia |
| Geographic subdivision |
Amerika (kontinent) |
| Source of heading or term |
sao |
| 650 #7 - SUBJECT ADDED ENTRY--TOPICAL TERM |
| Topical term or geographic name entry element |
Uppt�cktsresor |
| General subdivision |
milj�aspekter |
| -- |
historia |
| Geographic subdivision |
Amerika (kontinent) |
| Source of heading or term |
sao |
| 651 #7 - SUBJECT ADDED ENTRY--GEOGRAPHIC NAME |
| Geographic name |
Amerika (kontinent) |
| General subdivision |
historia |
| Source of heading or term |
sao |
| Authority record control number or standard number |
139291 |
| 651 #0 - SUBJECT ADDED ENTRY--GEOGRAPHIC NAME |
| Geographic name |
America |
| General subdivision |
Discovery and exploration |
| -- |
Economic aspects. |
| 651 #0 - SUBJECT ADDED ENTRY--GEOGRAPHIC NAME |
| Geographic name |
America |
| General subdivision |
Discovery and exploration |
| -- |
Environmental aspects. |
| 653 ## - INDEX TERM--UNCONTROLLED |
| Uncontrolled term |
ისტორია |
| 942 ## - ADDED ENTRY ELEMENTS (KOHA) |
| Source of classification or shelving scheme |
|
| Koha item type |
Books |